000 01420nam a2200301 4500
001 114284
003 DR-UNIBE
005 20251210105450.0
008 251205b2025 pr ||||| |||| 00| 1 spa d
020 _a9781950792887
040 _aBIBLIOTECA UNIBE
_bspa
_cBIBLIOTECA UNIBE
_erda
041 _aspa
090 _aFBIU - EEDP NI SA235L
100 1 0 _aSantis, Géraldine de,
_d1980-
_953457
_eautor
245 1 3 _aLa temible banda de los atracadores de sueños /
_cGeraldin de Santis ; ilustraciones de interior diseño de portada: Wi-Hen Fung ; foto de autor: Onasis Paulino ; diagramación: Linette Cubano García ; prólogo : Dulce Elvira de los Santos
250 _aPrimera edición
260 _aHato Rey, Puerto Rico :
_bEditorial EDP,
_c2025
300 _a166 páginas :
_bilustraciones a color ;
_c20 x 12
500 _aPremio Anual de Literatura Infantil y Juvenil "Aurora Tavárez Belliard" 2023. Incluye datos del autor al final de la obra
653 7 _a Novela infantil dominicana
653 7 _aLiteratura infantil dominicana
653 7 _aEspionaje - Novela infantil dominicana
700 1 0 _aFung, Wi-Hen
_9126967
_ediseñador de portada
_eilustrador
700 1 0 _aPaulino, Onasis
_9201302
_efotógrafo del autor
700 1 0 _aCubano García, Linnette
_9201303
_ediagramador
700 1 0 _aSantos, Dulce Elvira de los,
_d1964-
_q(Santos Mata, Dulce Elvira de los)
_960846
_eprologuista
942 _2ddc
_cBK
999 _c114284
_d114284